| 000 | 00830nam a2200265Ia 4500 | ||
|---|---|---|---|
| 003 | OSt | ||
| 005 | 20221005085457.0 | ||
| 006 | a|||||r|||| 00| 0 | ||
| 007 | ta | ||
| 008 | 221004b |||||||| |||| 00| 0 eng d | ||
| 020 | _a0804425868 (HB) | ||
| 024 | _a98467 | ||
| 037 | _cTextual | ||
| 040 |
_aCRL _cCRL _beng |
||
| 041 |
_2eng _aeng |
||
| 082 | _aO111973,3:g, L2 | ||
| 100 |
_aMagny Claude - Edmonde _9614249 |
||
| 245 | 0 |
_aAge of the American novel _b The film aesthetic of fiction between the two wars |
|
| 260 |
_aNew York _bFrederick Ungar Publishing Co. USA _c1972 |
||
| 300 |
_axi, 239p. _ccm. |
||
| 650 | _aENGLISH LITERATURE | ||
| 700 |
_a Hochman Eleanor Tr. _9614250 |
||
| 942 |
_hO111973,3:g, L2 _cTEXL _2cc |
||
| 999 |
_c994296 _d994296 |
||